| 000 | 00759nam a2200205 i 4500 | ||
|---|---|---|---|
| 001 | 161328 | ||
| 003 | ES-MaACL | ||
| 005 | 20250626063210.0 | ||
| 008 | 000816s1892 fr a |||| | fre d | ||
| 040 |
_aCCPB | B _bspa _cCCPB | B |
||
| 100 | 1 |
_aPalustre, Léon, _d1838-1894 _9130809 |
|
| 245 | 1 | 2 |
_aL'architecture de la renaissance / _cpar Léon Palustre. |
| 260 |
_aParis : _bancienne maison Quantin : _blibrairies-imprimeries réunies, _c1892. |
||
| 300 |
_a352 p. : _bil. ; _c21 cm. |
||
| 490 | 1 | _aBibliothéque de l'Enseingnement des Beaux-Arts | |
| 650 | 4 |
_aArquitectura renacentista. _910050 |
|
| 830 | 0 |
_aBibliothéque de l'Enseingnement des Beaux-Arts _9222104 |
|
| 852 |
_aES-MaACL _jB-2518 _z-- Enc. tela |
||
| 999 |
_c161328 _d161328 |
||